Prienik liečiv a ich metabolitov do povrchových vôd Slovenska

Cesty liečiv do povrchových vôd. Koncentrácie a miera odstránenia vybraných mikropolitantov vo vybraných krajinách.

Gespeichert in:
Bibliographische Detailangaben
1. Verfasser: Horáková, Ivana
Format: Buchkapitel
Sprache:Slowakisch
Schlagworte:
Tags: Tag hinzufügen
Keine Tags, Fügen Sie das erste Tag hinzu!

MARC

LEADER 00000naa a2200000 4500
001 0257680
005 20221104113004.1
041 0 |a slo 
044 |a SK 
245 1 0 |a Prienik liečiv a ich metabolitov do povrchových vôd Slovenska  |c Ivana Horáková 
520 |a Cesty liečiv do povrchových vôd. Koncentrácie a miera odstránenia vybraných mikropolitantov vo vybraných krajinách. 
610 2 0 |a Slovensko 
610 2 0 |a čistiarne vôd odpadových 
610 2 0 |a politika ekologická 
610 2 0 |a ochrana vody 
610 2 0 |a látky chemické 
610 2 0 |a voda povrchová 
100 1 |a Horáková, Ivana